| 000 | 00471nam a2200205Ia 4500 | ||
|---|---|---|---|
| 008 | 210210b1936 xxu||||| |||| 00| 0 eng d | ||
| 041 | _aeng | ||
| 082 | _a580/111 | ||
| 100 | _aGAMBLE (J S) | ||
| 245 | _aFlora of the presidency of Madras part XI | ||
| 260 |
_aLondon _bNot Mentioned _c1936 |
||
| 300 | _a1865-2017,lxiv | ||
| 650 | _aXI | ||
| 650 | _apresidency | ||
| 650 | _aof | ||
| 650 | _aMadras | ||
| 650 | _aFlora | ||
| 690 | _aBotany | ||
| 906 | _a010375 | ||
| 999 |
_c138143 _d138143 |
||